000 01949nam0a2200337 i 4500
001 RU\NLR\BIBL_A\011557593
005 20260408070959.0
010 _a9785992610079
_9200
021 _aRU
_b2017-88666
_96334
035 _a(RuMoRGB)009460933
035 _a(NLR Aleph) 011557593
090 _a12267409
_c12267409
100 _a20171213d2017 um y0rusy50 ca
101 0 _arus
102 _aRU
105 _ah|||j|||000zy
200 1 _aБотаническая экспертиза
_eкурс лекций для магистрантов, обучающихся по направлению 06.04.01 "Биология" (профиль "Биологическая экспертиза в судебно-криминалистической практиве"), и студентов по направлению 06.03.01 "Биология" (профиль "Биоэкология")
_fМинистерство образования и науки Российской Федерации, Астраханский государственный университет
_g[составители: С. Р. Кособокова и др.]
210 _aАстрахань
_cАстраханский университет
_d2017
215 _a98 с.
_cфакс.
_d21
320 _aБиблиогр.: с. 93-98 (57 назв.)
606 _aСудебно-ботаническая экспертиза
_jУчебные издания для высших учебных заведений
_91728231
_3RU\NLR\AUTH\661068676
686 _aЕ5с.я73-1
_2rubbk
686 _aХ629.341.315я73-1
_2rubbk
686 1 _aХ629.411я73
702 1 _aКособокова
_bС. Р.
_gСветлана Рудольфовна
_4220
712 0 2 _4570
_aАстраханский государственный университет
_3RU\NLR\AUTH\8810048023
_9596095
942 _cBOOK
980 _aNBR